Industrial and process furnaces : (Record no. 12044)

MARC details
000 -LEADER
fixed length control field 00660nam a22001577a 4500
008 - FIXED-LENGTH DATA ELEMENTS--GENERAL INFORMATION
fixed length control field 090625t xxu||||| |||| 00| 0 eng d
020 ## - INTERNATIONAL STANDARD BOOK NUMBER
International Standard Book Number 9780750686921
082 ## - DEWEY DECIMAL CLASSIFICATION NUMBER
Edition number 22
Classification number 621.402
Item number MUL
245 ## - TITLE STATEMENT
Title Industrial and process furnaces :
Remainder of title principles, design and operation /
Statement of responsibility, etc Peter Mullinger, Barrie Jenkins.
260 ## - PUBLICATION, DISTRIBUTION, ETC. (IMPRINT)
Place of publication, distribution, etc Amsterdam :
Name of publisher, distributor, etc Butterworth-Heinemann,
Date of publication, distribution, etc 2008
300 ## - PHYSICAL DESCRIPTION
Extent 524p.:
Other physical details ill.;
Dimensions 23 cm.
650 ## - SUBJECT ADDED ENTRY--TOPICAL TERM
9 (RLIN) 6977
Topical term or geographic name as entry element Furnaces
General subdivision --Design and construction.
650 ## - SUBJECT ADDED ENTRY--TOPICAL TERM
9 (RLIN) 6973
Topical term or geographic name as entry element Furnaces
942 ## - ADDED ENTRY ELEMENTS (KOHA)
Source of classification or shelving scheme Dewey Decimal Classification
Item type Book - Borrowing
Holdings
Withdrawn status Item status Source of classification or shelving scheme Damaged status Not for loan Vendor Home library Current library Shelving location Date acquired Source of acquisition Cost, normal purchase price Serial Enumeration / chronology Total Checkouts Total Renewals Full call number Barcode Date last seen Date last borrowed Koha item type
    Dewey Decimal Classification     Baccah Central Library Central Library First floor 25/06/2009   780.00 7117 1 1 621.402 MUL 000017049 15/07/2025 16/10/2017 Book - Borrowing